MARC

LEADER 00000nas a22000007a 4500
001 ssj0023812
003 WaSeSS
005 20200512172242.0
006 m d
007 cr n
008 050822c20039999mnumn pss 0 a0eng c
010 |a  2009204374 
016 7 |a 024060402  |2 DE-101 
016 7 |a 2093439-7  |2 DE-600 
022 |a 2150-7376  |l 1543-2521  |y 1543-2521 
035 |a (WaSeSS)ssj0023812 
037 |b Advanstar Communications, 131 West First Street, Duluth, MN 55802 
040 |a OCLCS  |b eng  |c OCLCS  |d OCLCS  |d DLC  |d HEBIS  |d DEBBG  |d OCLCQ  |d GBVCP  |d OCLCQ  |d OCLCF  |d OCLCO  |d OCLCQ  |d OCLCO  |d OCLCQ  |d UEJ  |d OCLCQ  |d OCLCO  |d OCLCA  |d REB  |d OCLCO  |d APUMS  |d UUM  |d OCLCO  |d U3W  |d OCLCA  |d OCLCO  |d AU@  |d OCLCO  |d WYU  |d OCLCO  |d AUD  |d VT2  |d OCLCO  |d WaSeSS 
042 |a pcc  |a nsdp 
050 4 |a RS1  |b .P614 
060 0 0 |a W1  |b PH178J 
082 1 0 |a 615  |2 14 
082 1 4 |a 615  |2 13 
130 0 |a Pharmaceutical technology (2003 : Online) 
210 0 |a Pharm. technol.  |b (2003. Online) 
222 0 |a Pharmaceutical technology  |b (2003. Online) 
245 1 0 |a Pharmaceutical technology  |h [electronic resource]. 
260 |a Duluth, MN :  |b Advanstar Communications 
310 |a Monthly (except 2 issues in June) 
362 1 |a Print began with v. 27, no. 2 (Feb. 2003). 
506 |a License restrictions may limit access. 
525 |a Has supplements. 
538 |a Mode of access: World Wide Web. 
588 |a Description based on print version record. 
650 0 |a Pharmaceutical technology  |v Periodicals. 
650 0 |a Pharmaceutical industry  |v Periodicals. 
650 6 |a Techniques pharmaceutiques  |v Périodiques. 
650 6 |a Industrie pharmaceutique  |v Périodiques. 
650 7 |a Pharmaceutical industry.  |2 fast  |0 (OCoLC)fst01060129 
650 7 |a Pharmaceutical technology.  |2 fast  |0 (OCoLC)fst01060211 
650 1 2 |a Technology, Pharmaceutical. 
650 2 2 |a Drug Industry. 
655 0 |a Electronic journals. 
770 0 |t Analytical chemistry & testing 
776 1 |t Pharmaceutical technology (2003)  |x 1543-2521  |w (DLC) 2003212319  |w (OCoLC)51506895 
780 0 0 |t Pharmaceutical technology North America 
856 4 0 |z Full text available from Research Library: 02/01/2003 to present  |u https://search.proquest.com/publication/44395